| 000 | 01385nam a22003857a 4500 | ||
|---|---|---|---|
| 003 | CHAP | ||
| 005 | 20220329143427.0 | ||
| 008 | 090630s2009 mx r 00010 spa d | ||
| 010 | _a96443 | ||
| 011 | _a97415 | ||
| 035 | _a108083 | ||
| 040 | _cCHAP | ||
| 090 | _aTesis | ||
| 100 | 1 |
_aHernández Marín, Nancy Yared. _954277 |
|
| 245 | 1 | 0 |
_aManual para identificación de proteinas en leche y queso por electroforesis _c/por Nancy Yared Henández Marín |
| 260 |
_aChapingo, Méx. : _bEl autor, _c2009 |
||
| 300 |
_a60 h. : _bgráfs. ,ilus. |
||
| 502 | _aTesis (Ing. Agroindustrial) -- UACH. Departamento de Ingeniería Agroindustrial | ||
| 590 |
_aALEPH _b10 _c20130110 _lUCH01 _h1529 |
||
| 590 |
_aBATCH-UPD _b10 _c20130110 _lUCH01 _h0903 |
||
| 590 |
_aBATCH-UPD _b10 _c20130410 _lUCH01 _h0531 |
||
| 590 |
_aBATCH-UPD _b10 _c20130914 _lUCH01 _h1256 |
||
| 590 |
_aCONVERSION _b10 _c20130109 _lUCH01 _h1353 |
||
| 650 | 1 | 4 |
_aElectrofóresis. _936236 |
| 650 | 1 | 4 |
_aLeche _xProteínas. _965407 |
| 650 | 1 | 4 |
_aLeche _xSubproductos. _965410 |
| 650 | 1 | 4 |
_aQueso. _993221 |
| 650 | 1 | 4 |
_aQueso _xMaduración. _993229 |
| 650 | 1 | 4 |
_aQueso _xProcesado. _993233 |
| 650 | 1 | 4 |
_aQueso _xProteínas. _993235 |
| 901 | _aBK | ||
| 942 | _cFOLL | ||
| 949 |
_aTesis _bBC _cTES _d33724002099439 _eTS1 _gDonaciØn _h49348 _i108083 _sb |
||
| 949 |
_aTesis _bBC _cTES _d33724002099470 _eTS2 _fc.2 _gDonaciØn _h49349 _i108083 _sb |
||
| 999 |
_c96443 _d96443 |
||